Loading...
History - World History | 0 | 8 | 2 | 1 | 70 | 96 | 118.75 | 0 | 1 |
History - European History | 0 | 6 | 3 | 1 | 45 | 88 | 114.17 | 0 | 0 |
History - Other History | 0 | 5 | 2 | 1 | 40 | 88 | 130.80 | 0 | 0 |
History - American History | 0 | 4 | 1 | 3 | 35 | 102 | 135.50 | 0 | 0 |
Fine Arts - Painting & Sculpture | 0 | 4 | 1 | 1 | 35 | 100 | 130.50 | 0 | 0 |
Philosophy | 0 | 2 | 0 | 0 | 20 | 147 | 150.50 | 0 | 0 |
Science - Other Science | 0 | 2 | 0 | 1 | 20 | 139 | 141.00 | 0 | 0 |
Literature - World Literature | 0 | 2 | 0 | 0 | 20 | 125 | 144.50 | 0 | 0 |
Literature - British Literature | 0 | 2 | 0 | 1 | 20 | 127 | 141.50 | 0 | 0 |
Science - Physics | 0 | 2 | 0 | 0 | 20 | 127 | 136.50 | 0 | 0 |
Religion | 0 | 2 | 1 | 0 | 15 | 114 | 130.50 | 0 | 0 |
Social Science | 0 | 1 | 0 | 0 | 10 | 136 | 136.00 | 0 | 0 |
Literature - American Literature | 0 | 1 | 0 | 0 | 10 | 44 | 44.00 | 0 | 1 |
Literature - European Literature | 0 | 1 | 0 | 0 | 10 | 81 | 81.00 | 0 | 0 |
Mythology | 0 | 1 | 0 | 0 | 10 | 152 | 152.00 | 0 | 0 |
Science - Biology | 0 | 1 | 0 | 0 | 10 | 112 | 112.00 | 0 | 0 |
Fine Arts - Other Fine Arts | 0 | 1 | 0 | 1 | 10 | 150 | 150.00 | 0 | 0 |
Geography | 0 | 1 | 1 | 0 | 5 | 98 | 98.00 | 0 | 0 |
Other Academic | 0 | 1 | 1 | 0 | 5 | 70 | 70.00 | 0 | 1 |